Cincuenta sombras liberadas (Registro nro. 228694)
[ vista simple ]
| 000 -LEADER | |
|---|---|
| fixed length control field | 00859nam a22002417a 4500 |
| 003 - CONTROL NUMBER IDENTIFIER | |
| control field | UNINSURGENTES |
| 005 - DATE AND TIME OF LATEST TRANSACTION | |
| control field | 20241022180332.0 |
| 008 - FIXED-LENGTH DATA ELEMENTS--GENERAL INFORMATION | |
| fixed length control field | 241022e2012 mx |||e |||| 00| 1 spa d |
| 020 ## - INTERNATIONAL STANDARD BOOK NUMBER | |
| International Standard Book Number | 9786073111522 |
| 040 ## - CATALOGING SOURCE | |
| Transcribing agency | UIN |
| 050 04 - LIBRARY OF CONGRESS CALL NUMBER | |
| Classification number | PR6110 |
| Item number | J2718 |
| 100 1# - MAIN ENTRY--PERSONAL NAME | |
| Personal name | James, E.L. |
| Relator term | autor |
| 240 10 - UNIFORM TITLE | |
| Uniform title | Fifty shades freed |
| Language of a work | Español. |
| 245 10 - TITLE STATEMENT | |
| Title | Cincuenta sombras liberadas |
| Statement of responsibility, etc. | / E.L James; traducción de Ma. del Puerto Barruetabeña Diez. |
| 260 ## - PUBLICATION, DISTRIBUTION, ETC. | |
| Place of publication, distribution, etc. | México |
| Name of publisher, distributor, etc. | : Grijalbo |
| Date of publication, distribution, etc. | , 2012. |
| 300 ## - PHYSICAL DESCRIPTION | |
| Extent | 650 p. |
| 490 0# - SERIES STATEMENT | |
| Series statement | Cincuenta sombras. |
| Volume/sequential designation | 3 |
| 500 ## - GENERAL NOTE | |
| General note | Primera entrega de la trilogía "cincuenta sombras"<br/>Material donado por Ana Isabel Hernández Concepción. |
| 650 14 - SUBJECT ADDED ENTRY--TOPICAL TERM | |
| Topical term or geographic name entry element | Dominancia sexual y sumisión |
| General subdivision | Ficción |
| 650 24 - SUBJECT ADDED ENTRY--TOPICAL TERM | |
| Topical term or geographic name entry element | Control (Psicología) |
| General subdivision | Ficción |
| 700 1# - ADDED ENTRY--PERSONAL NAME | |
| Personal name | Barruetabeña Diez, Ma.del Puerto |
| Relator term | Traductor |
| 942 ## - ADDED ENTRY ELEMENTS (KOHA) | |
| Source of classification or shelving scheme | Library of Congress Classification |
| Koha item type | Libro |
| Suppress in OPAC | No |
| Withdrawn status | Lost status | Source of classification or shelving scheme | Damaged status | Not for loan | Home library | Current library | Date acquired | Serial enumeration / chronology | Total checkouts | Full call number | Barcode | Date last seen | Copy number | Price effective from | Koha item type |
|---|---|---|---|---|---|---|---|---|---|---|---|---|---|---|---|
| Library of Congress Classification | Plantel Villa de Cortes | Plantel Villa de Cortes | 10/22/2024 | 3 | PR6110 J2718 t.3 | 23 004195 | 01/29/2026 | 1 | 10/22/2024 | Libro |